000 00719nam a2200133Ia 4500
008 220615s9999||||xx |||||||||||||| ||und||
100 _aStiegler, Bernard
245 4 _aThe Neganthropocene
546 _aEnglish[eng]
650 _aanthropocene||neganthropocene||anthropology||neganthropology||Entropy||Entropy and life||Exosomatic memory||Individuation||Jacques Derrida||Martin Heidegger
700 _aRoss, Daniel
856 _uhttps://library.oapen.org/bitstream/20.500.12657/30171/1/649431.pdf||https://library.oapen.org/bitstream/20.500.12657/30171/1/649431.pdf||https://library.oapen.org/bitstream/20.500.12657/30171/1/649431.pdf||https://library.oapen.org/bitstream/20.500.12657/30171/1/649431.pdf
942 _cEB
999 _c11903
_d11903